|
|
|
|
| LEADER |
00000cac a2200000 a 4500 |
| 001 |
86790 |
| 003 |
Ucuenca |
| 005 |
20230308163509.0 |
| 008 |
991122|1973 sp |||||r|||||||||||spa|| |
| 020 |
|
|
|a 8428102295
|
| 040 |
|
|
|b spa
|
| 041 |
1 |
|
|a spa
|
| 082 |
0 |
|
|a 332.41
|
| 100 |
1 |
|
|a Flamant, Maurice
|9 40567
|
| 245 |
|
3 |
|a La inflación
|c Maurice Flamant. Traduccón de Francisco Lloveras
|h imp
|
| 246 |
|
1 |
|a L' inflation
|
| 264 |
|
|
|a Barcelona
|b Oikos-Tau, Ediciones
|c 1973
|
| 300 |
|
|
|a 117 páginas:
|c 17 cm
|
| 490 |
|
|
|a ¿Qué sé?
|n no. 90
|
| 504 |
|
|
|a incl. ref.
|
| 650 |
1 |
0 |
|a Inflación
|9 12056
|
| 852 |
|
|
|a UC-CDJBV
|f Compra
|l 1
|m General
|p 19911220
|q 6700.00
|r 2
|t 86790
|b 0
|d CDRC
|e CDRC
|g 332.41 PRIMER PISO
|z 1991-11-22
|
| 942 |
|
|
|c CR
|0 8
|
| 999 |
|
|
|c 21783
|d 21783
|